Szent-Györgyi Albert 90 éves
Fényképek: Szent-Györgyi Albert szegedi professzor korában; A hazalátogató professzor Szegeden Berencsi György rektorhelyettestől átveszi a díszdoktori oklevelet
Elmentve itt :
| Szerző: | |
|---|---|
| Dokumentumtípus: | Cikk |
| Megjelent: |
Lapkiadó Vállalat
1983-09-18
|
| Sorozat: | Új Tükör : képes politikai és társadalmi hetilap
20 No. 38 |
| Online Access: | http://misc.bibl.u-szeged.hu/72553 |
| LEADER | 00836nab a2200193 i 4500 | ||
|---|---|---|---|
| 001 | misc72553 | ||
| 005 | 20231103151349.0 | ||
| 008 | 231103s1983 hu o 000 zxx d | ||
| 022 | |a 0133-1361 | ||
| 040 | |a SZTE Miscellanea Repozitórium |b hun | ||
| 041 | |a zxx | ||
| 100 | 1 | |a Guba Ferenc | |
| 245 | 1 | 0 | |a Szent-Györgyi Albert 90 éves |h [elektronikus dokumentum] / |c Guba Ferenc |
| 260 | |a Lapkiadó Vállalat |c 1983-09-18 | ||
| 300 | |a 17 | ||
| 490 | 0 | |a Új Tükör : képes politikai és társadalmi hetilap |v 20 No. 38 | |
| 520 | 3 | |a Fényképek: Szent-Györgyi Albert szegedi professzor korában; A hazalátogató professzor Szegeden Berencsi György rektorhelyettestől átveszi a díszdoktori oklevelet | |
| 561 | |a Szent-Györgyi Albertről szóló irodalom | ||
| 856 | 4 | 0 | |u http://misc.bibl.u-szeged.hu/72553/1/szgya_1983_036.pdf |z Dokumentum-elérés |